[Event "South Wales Autumn Premier"]
[Site "Newport"]
[Date "2019.11.17"]
[Round "4"]
[White "Postans, Harrison"]
[Black "Jones, Martin C"]
[Result "1/2-1/2"]
[WhiteElo "1026"]
[BlackElo "1768"]
[PlyCount "68"]
[EventDate "2019.11.15"]
[EventType "swiss"]
[EventRounds "5"]
[EventCountry "WLS"]
[SourceTitle "EXT 2022"]
[Source "ChessBase"]
[SourceDate "2021.10.06"]
[SourceVersion "1"]
[SourceVersionDate "2021.10.06"]
[SourceQuality "1"]

1. e4 c5 2. Nf3 e6 3. d4 cxd4 4. Nxd4 a6 5. Nc3 Qc7 6. Be3 Nf6 7. f3 b5 8. Qd2 Bb7 9. Nde2 Nc6 10. a3 Be7 11. Ng3 d6 12. Bd3 0-0 13. Nce2 Ne5 14. 0-0 Rac8 15. Rac1 Rfd8 16. h3 Nc4 17. Bxc4 Qxc4 18. Bb6 Rd7 19. Nd4 Bd8 20. Bxd8 Rdxd8 21. Kh1 h6 22. Nge2 Qc7 23. Qe3 Nd7 24. c3 Ne5 25. Ng3 Qc4 26. Rfd1 Qa2 27. Qe2 d5 28. exd5 Rxd5 29. Rc2 Nc6 30. Kh2 Nxd4 31. Rxd4 Rxd4 32. cxd4 Rxc2 33. Qxc2 Qd5 34. Qe4 f5 1/2-1/2

[Event "South Wales Autumn Premier"]
[Site "Newport"]
[Date "2019.11.16"]
[Round "3"]
[White "Quinn, Peter"]
[Black "Postans, Harrison"]
[Result "1/2-1/2"]
[WhiteElo "1595"]
[BlackElo "1026"]
[PlyCount "59"]
[EventDate "2019.11.15"]
[EventType "swiss"]
[EventRounds "5"]
[EventCountry "WLS"]
[SourceTitle "EXT 2022"]
[Source "ChessBase"]
[SourceDate "2021.10.06"]
[SourceVersion "1"]
[SourceVersionDate "2021.10.06"]
[SourceQuality "1"]

1. e4 e5 2. Nf3 Nc6 3. Bc4 Nf6 4. d3 d6 5. c3 Be6 6. Bxe6 fxe6 7. Qb3 Qc8 8. 0-0 Be7 9. Nbd2 Nd8 10. d4 exd4 11. cxd4 Qd7 12. Re1 0-0 13. h3 Kh8 14. Nf1 Rb8 15. Ng3 Nf7 16. Be3 a6 17. Rad1 h6 18. Nh4 Rfe8 19. Ng6+ Kh7 20. Qd3 Kg8 21. d5 Ne5 22. Nxe5 dxe5 23. Qb3 exd5 24. exd5 Bd6 25. Bc1 Kh8 26. Qf3 Rf8 27. Qd3 Rbe8 28. Ne4 Nxe4 29. Rxe4 Qf5 30. Re2 1/2-1/2

[Event "BCF-ch U12"]
[Site "Llandudno"]
[Date "2017.08.02"]
[Round "4"]
[White "Postans, Harrison"]
[Black "Jithendra, Raina"]
[Result "1-0"]
[WhiteElo "1405"]
[BlackElo "805"]
[PlyCount "47"]
[EventDate "2017.07.30"]
[EventType "swiss"]
[EventRounds "7"]
[EventCountry "WLS"]
[SourceTitle "CBM 179 Extra"]
[Source "ChessBase"]
[SourceDate "2017.08.23"]
[SourceVersion "1"]
[SourceVersionDate "2017.08.23"]
[SourceQuality "1"]

1. e4 e5 2. Nf3 Nc6 3. Bc4 Bc5 4. c3 h6 5. d4 exd4 6. cxd4 Bb4+ 7. Nc3 Nf6 8. 0-0 Bxc3 9. bxc3 Nxe4 10. Re1 f5 11. Bd5 Ne7 12. Bxe4 fxe4 13. Rxe4 d5 14. Re1 Bg4 15. Ba3 Qb8 16. Rxe7+ Kd8 17. Rxg7 Bf5 18. Ne5 Re8 19. Nf7+ Kc8 20. Qh5 Bd7 21. Qxd5 Re6 22. Rg8+ Re8 23. Rxe8+ Bxe8 24. Qd8# 1-0